[Event "Silver Lake Open-A 2018"]
[Site "Veliko Gradiste"]
[Date "2018.06.19"]
[Round "4"]
[White "Stoyanov, Tsvetan"]
[Black "Radovanovic, Nikola"]
[Result "1-0"]
[WhiteElo "2363"]
[BlackElo "2438"]
[Annotator "TA"]
[PlyCount "103"]
[EventDate "2018.06.17"]
[EventType "swiss"]
[EventCountry "SRB"]
[SourceTitle "playchess.com"]
[Source "ChessBase"]
[SourceQuality "1"]

{[%evp 17,103,0,14,0,0,0,0,0,0,0,-4,-13,0,-13,0,-6,0,-13,-21,-8,-18,-27,-42,-38,-37,-37,-39,-33,-28,-64,-60,-60,171,166,244,258,230,237,247,182,227,231,323,224,281,271,265,259,314,252,364,370,419,418,411,412,519,522,492,425,473,479,470,450,503,482,445,449,447,449,463,379,498,489,650,650,738,731,718,702,873,860,1113,1032,1162,1150,1394,1345]} 1. e4 c5 2. Nf3 d6 3. d4 cxd4 4. Nxd4 Nf6 5. Nc3 a6 6. Bc4 e6 7. Bb3 Nbd7 8. O-O Nc5 9. Re1 Be7 {LiveBook: 46 Partien. B86: Sizilianisch (Sosin-Angriff)} 10. f3 (10. f4 O-O 11. e5 Ne8 12. Be3 Bd7 13. Bf2 Rc8 14. Ne4 Nxb3 15. axb3 dxe5 16. fxe5 f6 17. exf6 Nxf6 18. Bg3 Qb6 {0-1 (56) Ivanisevic,I (2638)-Cheparinov,I (2688) Minsk 2017 CBM 179 [Ftacnik,L]}) 10... O-O 11. Be3 Qc7 {Die Stellung ist ausgeglichen.} 12. a3 b5 13. Ba2 Bb7 14. Qd2 Rac8 15. Qf2 $146 ({Vorgänger:} 15. g4 Nfd7 16. b4 Ne5 17. f4 Ncd7 18. fxe5 Qxc3 19. Qxc3 Rxc3 20. exd6 Bxd6 21. Nxe6 {0-1 (49) Arakhamia Grant,K (2385)-Gallagher,J (2470) Aosta 1990}) 15... Rfe8 16. Rad1 Bf8 17. Qh4 Ncd7 18. Nde2 Ne5 19. Bd4 Nfd7 20. Qf2 Nc4 21. Bxc4 Qxc4 22. Nc1 Qc7 23. Rd2 Ne5 24. b3 Nxf3+ $2 (24... Nd7 $15 {bleibt weiter vorne.} 25. N1a2 Qa5) 25. gxf3 $18 e5 {[#]} (25... Qa5 $142) 26. Nd5 $1 {[%cal Rd5c7]} Bxd5 27. Bb6 Qc3 {Droht stark ...Lb7.} 28. Rxd5 Qb2 29. Nd3 Qxa3 30. Re2 Re6 31. Qe1 Rg6+ 32. Kf1 Qa2 33. Qa5 Qb1+ {[#]} (33... Qxa5 $142 34. Bxa5 Rf6) 34. Ne1 $1 f5 35. exf5 Rf6 36. Red2 Qc1 37. Qxa6 Rc3 {Falls Schwarz jetzt zu ...Txf3+ käme, bestünde noch etwas Hoffnung.} 38. R5d3 Rxd3 39. Rxd3 Qf4 40. Qxb5 Qxh2 41. Qd5+ Kh8 42. Rd2 Qh3+ 43. Ke2 Qxf5 44. Bf2 Qc8 45. c4 {Weiß steht klar auf Gewinn.} h5 46. b4 {[%cal Bb3b4,Bb4b5,Bb5b6][%mdl 32]} h4 47. Bxh4 Rf4 48. Bf2 Rxc4 49. b5 Be7 50. b6 Qa6 51. Nd3 Rb4 52. Ra2 {Precision: Weiß = 69%, Schwarz = 42%.} 1-0

[Event "Silver Lake Open-A 2018"]
[Site "Veliko Gradiste"]
[Date "2018.06.19"]
[Round "4"]
[White "Eric, Jovana"]
[Black "Alok, Sinha"]
[Result "1-0"]
[WhiteElo "2324"]
[BlackElo "2047"]
[Annotator "NA"]
[PlyCount "43"]
[EventDate "2018.06.17"]
[EventType "swiss"]
[EventCountry "SRB"]
[SourceTitle "playchess.com"]
[Source "ChessBase"]
[SourceQuality "1"]
[TimeControl "40/5400+30:900+30"]

1. e4 {[%emt 0:00:00]} c5 {[%emt 0:00:07]} 2. Nf3 {[%emt 0:00:00]} d6 {[%emt 0:00:05]} 3. d4 {[%emt 0:00:00]} cxd4 {[%emt 0:00:07]} 4. Nxd4 {[%emt 0:00:00]} Nf6 {[%emt 0:00:04]} 5. Nc3 {[%emt 0:00:00]} g6 {[%emt 0:00:04]} 6. Be3 {[%emt 0:00:10]} Bg7 {[%emt 0:00:07]} 7. f3 {[%emt 0:00:17]} O-O {[%emt 0:00:17]} 8. Qd2 {[%emt 0:00:07]} Nc6 {[%emt 0:00:04]} 9. g4 {[%emt 0:00:29]} Nxd4 {[%emt 0:00:42]} 10. Bxd4 {[%emt 0:00:08]} Be6 {[%emt 0:00:05]} 11. Nd5 {[%emt 0:02:33]} Bxd5 {[%emt 0:05:54]} 12. exd5 {[%emt 0:00:07]} Qc7 {[%emt 0:00:39]} 13. h4 {[%emt 0:03:39]} Rac8 {[%emt 0:08:47]} 14. Rh2 {[%emt 0:05:06]} e6 {[%emt 0:10:35]} 15. dxe6 {[%emt 0:07:53]} fxe6 {[%emt 0:00:10]} 16. h5 {[%emt 0:02:06]} Nd5 {[%emt 0:10:49]} 17. hxg6 {[%emt 0:02:57]} hxg6 {[%emt 0:00:10]} 18. Bxg7 {[%emt 0:05:56]} Qxg7 {[%emt 0:00:17]} 19. O-O-O {[%emt 0:00:08]} Qf6 {[%emt 0:09:07]} 20. Bd3 {[%emt 0:08:56]} Qxf3 {[%emt 0:17:28]} 21. Rh8+ {[%emt 0:00:54]} Kf7 {[%emt 0:04:17]} 22. Rxf8+ {[%emt 0:00:58]} 1-0

[Event "Silver Lake Open-A 2018"]
[Site "Veliko Gradiste"]
[Date "2018.06.19"]
[Round "4"]
[White "Kiremitciyan, Ari"]
[Black "Gazik, Viktor"]
[Result "0-1"]
[WhiteElo "2307"]
[BlackElo "2490"]
[Annotator "TA"]
[PlyCount "146"]
[EventDate "2018.06.17"]
[EventType "swiss"]
[EventCountry "SRB"]
[SourceTitle "playchess.com"]
[Source "ChessBase"]
[SourceQuality "1"]

{[%evp 18,146,44,47,68,27,54,15,60,9,22,9,12,7,9,8,12,0,-6,-11,0,-26,-17,-20,-20,-15,-22,-33,-8,-8,0,0,0,-8,-5,-10,-5,-11,-2,-3,0,0,0,-4,0,0,-1,-4,0,0,0,0,0,0,0,0,0,0,0,0,0,0,30,-19,-22,-27,-23,-23,-23,-25,-28,-49,-34,-110,-73,-167,-164,-331,-314,-318,-179,-296,-306,-235,-163,-352,-378,-322,-74,-357,-343,-351,-331,-349,-325,-430,-394,-599,-588,-1367,-1339,-4137,-4137,-4137,-4137,-29959,-11869,-29980,-29981,-29981,-29982,-29982,-4137,-4137,-4137,-4137,-4137,-4137,-4137,-29984,-29985,-29985,-29986,-29986,-29987,-29987,-29988,-29988,-29989,-29989,-29990]} 1. Nf3 g6 2. e4 Bg7 3. d4 d6 4. Nc3 Nf6 5. Be2 O-O 6. O-O a6 7. Re1 b5 {B08: Pirc Defence: Classical System} (7... Nc6 8. d5 Na7 9. a4 e6 10. Be3 Re8 11. Bf1 exd5 12. exd5 Bg4 13. h3 Bxf3 14. Qxf3 Nd7 15. Re2 Nc8 {½-½ (62) Fressinet,L (2662)-Aronian,L (2805) Riadh 2017}) 8. e5 dxe5 9. Nxe5 Bb7 10. Bf3 {LiveBook: 4 Games} Qc8 11. Nd3 e6 12. a4 Nbd7 13. axb5 (13. Bf4 $14) 13... axb5 $11 14. Rxa8 Qxa8 15. Nxb5 Bxf3 16. Qxf3 Qa4 $146 17. Na3 Qxd4 18. Qc6 Qb6 19. Qa4 Qb7 20. Bd2 Ra8 21. Qb5 Qd5 22. Bf4 c6 23. Qb7 c5 24. Qb5 Nh5 25. Bc1 Rb8 26. Qc4 Nhf6 27. h3 Qxc4 28. Nxc4 Nd5 29. Bd2 Ra8 30. Kf1 Ra4 31. b3 Ra2 32. Rc1 h6 33. Ke2 g5 34. f3 Kf8 35. g4 Nc3+ 36. Bxc3 Bxc3 37. Nf2 Ke7 38. Kd3 Bd4 39. Ne4 Nf8 40. c3 (40. b4 $5) 40... Ng6 {[%cal Rg6f4]} 41. Rc2 $1 {[%cal Rc2a2]} ({Don't blunder} 41. cxd4 $2 Nf4+ 42. Kc3 Ne2+ 43. Kd3 Nxc1+ 44. Kc3 cxd4+ 45. Kxd4 Nxb3+ 46. Kc3 Na5 $19) 41... Nf4+ 42. Kd2 Rxc2+ 43. Kxc2 {[%mdl 4096] Endgame KBN-KNN} Bg1 44. Ncd6 Nxh3 45. Kd3 (45. Nc8+ $15 Kf8 46. Nf6) 45... Nf4+ 46. Kc4 (46. Kd2 $17 {was called for.}) 46... Ng6 47. Nc8+ $2 (47. Kd3) 47... Kd7 $19 48. Ncd6 Ne5+ 49. Kb5 Ke7 50. Nc8+ Kf8 51. Nxc5 $2 (51. Nd2) 51... Nxf3 52. Nd7+ {[#]} Kg8 $2 (52... Kg7 $1 $19 {is more deadly.} 53. Nd6 {[#]} h5 $1 {[%mdl 512]} 54. gxh5 g4 55. h6+ Kg6) 53. b4 $2 {[%mdl 8192]} (53. Nd6 $17) 53... f5 54. gxf5 exf5 55. Kc6 f4 {And now ...g4 would win.} 56. b5 h5 57. Nf6+ (57. Kd5 $142 h4 58. Nf6+ Kf7 59. Ng4) 57... Kf7 58. Nxh5 Kg6 59. Nxf4+ gxf4 {[%cal Bg5f4,Bf4f3][%mdl 32]} 60. b6 Ne5+ 61. Kd5 f3 62. Ne7+ Kf6 63. b7 Ba7 64. Nc8 Bb8 (64... f2 $142 65. Nxa7 f1=Q 66. b8=Q Qd3+ 67. Kc5 Nd7+ 68. Kb4 Qb1+ 69. Kc4 Qxb8 70. Nb5 Qb6 71. Nd4 Ne5+ 72. Kd5 Qa5+ 73. Kd6 Qxc3 74. Kd5 Qc4+ 75. Ke4 Qc3 76. Kd5 Qd3 77. Kc5 Qc4+ 78. Kb6 Qxd4+ 79. Kb5 Qc4+ 80. Ka5 Qb3 81. Ka6 Nd7 82. Ka5 Kg7 83. Ka6 Qb6#) 65. Nd6 Ng4 66. Ne4+ Kf5 {( -> ...Nf6+)} 67. Nd2 f2 68. c4 Kf4 {Black mates.} 69. Kd4 Ne5 70. Nf1 Kf3 71. c5 Ke2 72. Ng3+ Ke1 73. Kd5 Nd3 {Precision: White = 27%, Black = 74%.} 0-1

[Event "Silver Lake Open-A 2018"]
[Site "Veliko Gradiste"]
[Date "2018.06.19"]
[Round "4"]
[White "Krstulovic, Alex"]
[Black "Ivic, Velimir"]
[Result "0-1"]
[WhiteElo "2305"]
[BlackElo "2425"]
[Annotator "TA"]
[PlyCount "74"]
[EventDate "2018.06.17"]
[EventType "swiss"]
[EventCountry "SRB"]
[SourceTitle "playchess.com"]
[Source "ChessBase"]
[SourceQuality "1"]

{[%evp 27,74,11,20,4,25,19,13,25,37,25,51,30,90,87,82,88,88,87,93,68,79,44,53,45,49,0,0,-89,-90,-404,-358,-399,-388,-373,-389,-402,-391,-399,-391,-394,-393,-335,0,0,0,-29947,-12838,-12795,-6625]} 1. d4 Nf6 2. c4 g6 3. Nc3 Bg7 4. e4 d6 5. Be2 O-O 6. Nf3 e5 7. O-O Nc6 8. d5 Ne7 9. Bg5 Nh5 10. Ne1 Nf4 11. Nd3 Nxe2+ 12. Qxe2 h6 {E97: King's Indian: Classical Main Line (6...e5 7 0-0 Nc6): 8 Be3 and 8 d5 Ne7, not 9 Ne1} 13. Be3 g5 14. f3 f5 {[#] LiveBook: 3 Games. The position is equal.} 15. exf5 $146 ({Predecessor:} 15. c5 Ng6 16. Qc2 f4 17. Bf2 g4 18. Kh1 Bd7 19. Qb3 b6 20. cxd6 cxd6 {½-½ (30) Dhanish,P (2559)-Sadowski,M (2586) ICCF email 2008}) 15... Nxf5 16. Nf2 c5 17. Nfe4 a6 18. Rab1 Nd4 19. Qd2 Kh7 (19... b5 $11 {remains equal.}) 20. b4 $16 b6 21. bxc5 bxc5 22. Qb2 Qe7 23. Qb6 Rd8 24. Qa5 g4 25. fxg4 Bxg4 26. Rf2 Bf5 $1 27. Qb6 {[#]} (27. Rbb2 $11) 27... Qh4 $1 $17 28. Nxd6 $2 {[%mdl 8192]} (28. Ng3 $17 {is more resistant.} Bg6 29. Rbb2) 28... Rxd6 $19 29. Qxd6 Bxb1 30. Nxb1 {And now Nd2 would win.} Qe4 31. Bxd4 Qxd4 32. Nd2 Rf8 $1 33. Nf3 {[#]} Qe3 $1 34. Qe7 Rb8 $2 $40 {[%mdl 128] Black has some attack.} (34... Kg8 $19 {Strongly threatening ...e4.} 35. h3 e4) 35. Nd2 $11 Rf8 36. Qh4 $2 {[%mdl 8192]} (36. Nf3 $11) 36... Qe1+ 37. Nf1 e4 {Precision: White = 52%, Black = 67%.} 0-1

[Event "Silver Lake Open-A 2018"]
[Site "Veliko Gradiste"]
[Date "2018.06.19"]
[Round "4"]
[White "Dinev, Dejan"]
[Black "Abramovic, Bosko"]
[Result "1/2-1/2"]
[WhiteElo "2285"]
[BlackElo "2415"]
[Annotator "TA"]
[PlyCount "62"]
[EventDate "2018.06.17"]
[EventType "swiss"]
[EventCountry "SRB"]
[SourceTitle "playchess.com"]
[Source "ChessBase"]
[SourceQuality "1"]

{[%evp 16,62,33,29,36,32,30,0,0,0,0,-28,-27,-50,-57,-50,-54,-63,-45,-141,-138,-138,-133,-125,-135,-122,-110,-120,-103,-111,-37,-38,-33,-30,-43,-35,-6,-9,0,0,0,0,0,0,27,27,35,32,48]} 1. e4 d6 2. d4 g6 3. Nc3 Bg7 4. Be3 Nf6 5. h3 O-O 6. Nf3 Nc6 7. Qd2 e5 8. dxe5 {B08: Pirc Defence: Classical System} dxe5 9. O-O-O {LiveBook: 4 Games} Qe7 (9... Qxd2+ 10. Rxd2 a6 11. a3 b6 12. g4 h6 13. g5 hxg5 14. Nxg5 Bb7 15. Bc4 Rae8 {½-½ (29) Karthikeyan,M (2585)-Gordievsky,D (2630) Moscow 2018}) 10. Bc4 Be6 11. Nd5 Bxd5 $1 12. exd5 Rad8 13. Qe1 $146 ({Predecessor:} 13. Qc3 Ne4 14. Qe1 Nd6 {1-0 (27) Cesaro,M (1892)-Di Salvio,G ICCF email 2013}) 13... Nb4 14. a3 Nbxd5 15. Bg5 {[#] Black must now prevent Rxd5!} Nb6 16. Rxd8 Qxd8 17. Nxe5 (17. Bb3 $15) 17... Nxc4 $17 18. Nxc4 Qd5 19. Bxf6 Bxf6 20. Ne3 Qa2 21. c3 Rd8 22. Kc2 Qe6 (22... Rd6 $17 {Hoping for ...Rb6.} 23. Qb1 Qe6) 23. Qe2 $15 Qe4+ 24. Kb3 Bg5 25. Qc4 Qxc4+ (25... Qe5 {seems wilder.} 26. Rd1 Rxd1 27. Nxd1 b5 28. Qc6 Qe1) 26. Nxc4 {[%mdl 4096] Endgame KRB-KRN} b5 27. Ne5 c5 28. Nc6 Rd7 $1 29. Re1 Kf8 30. Re5 Rc7 31. Rxg5 Rxc6 {Precision: White = 64%, Black = 69%.} 1/2-1/2

[Event "Silver Lake Open-A 2018"]
[Site "Veliko Gradiste"]
[Date "2018.06.19"]
[Round "4"]
[White "Karthik, Kumar Pradeep"]
[Black "Djordjevic, Vuk"]
[Result "1-0"]
[WhiteElo "2281"]
[BlackElo "2399"]
[Annotator "ChessBase"]
[PlyCount "135"]
[EventDate "2018.06.17"]
[EventType "swiss"]
[EventCountry "SRB"]
[SourceTitle "playchess.com"]
[Source "ChessBase"]
[SourceQuality "1"]
[TimeControl "40/5400+30:900+30"]

1. d4 Nf6 2. c4 e6 3. g3 d5 4. Nf3 Bb4+ 5. Bd2 Bd6 6. Nc3 c6 7. Qc2 O-O 8. e4 {[%emt 0:04:23]} Be7 {[%emt 0:39:26]} 9. e5 {[%emt 0:07:15]} Nfd7 {[%emt 0:02:16]} 10. Bd3 {[%emt 0:09:05]} h6 {[%emt 0:02:57]} 11. h4 {[%emt 0:03:18]} f5 {[%emt 0:07:29]} 12. exf6 {[%emt 0:00:43]} Rxf6 {[%emt 0:01:47]} 13. Bf4 {[%emt 0:06:22]} Nf8 {[%emt 0:05:32]} 14. O-O-O {[%emt 0:10:25]} Bd6 {[%emt 0:05:08]} 15. Ne2 {[%emt 0:09:21]} b6 {[%emt 0:03:42]} 16. Ne5 {[%emt 0:01:49]} Qc7 {[%emt 0:06:18]} 17. Ng4 {[%emt 0:05:08]} Bxf4+ {[%emt 0:09:47]} 18. Nxf4 {[%emt 0:00:02]} Rxf4 {[%emt 0:00:35]} 19. gxf4 {[%emt 0:00:01]} Qxf4+ {[%emt 0:00:06]} 20. Ne3 {[%emt 0:00:18]} e5 {[%emt 0:05:00]} 21. Kb1 {[%emt 0:08:26]} exd4 {[%emt 0:02:53]} 22. Nf5 {[%emt 0:00:39]} Bxf5 {[%emt 0:00:46]} 23. Bxf5 {[%emt 0:00:02]} Na6 {[%emt 0:02:02]} 24. cxd5 {[%emt 0:03:08]} cxd5 {[%emt 0:00:23]} 25. a3 {[%emt 0:05:12]} Nc5 {[%emt 0:00:56]} 26. Rhg1 {[%emt 0:02:32]} d3 {[%emt 0:01:44]} 27. Bxd3 {[%emt 0:00:07]} Nce6 {[%emt 0:02:12]} 28. Qe2 {[%emt 0:06:44]} Rd8 {[%emt 0:01:25]} 29. Rg4 {[%emt 0:00:55]} Qf6 {[%emt 0:01:13]} 30. Rdg1 {[%emt 0:00:23]} Re8 {[%emt 0:00:35]} 31. Qe3 {[%emt 0:01:28]} Re7 {[%emt 0:00:29]} 32. Bc2 {[%emt 0:03:51]} Kh8 {[%emt 0:01:16]} 33. Qg3 {[%emt 0:01:58]} Rf7 {[%emt 0:00:19]} 34. Bg6 {[%emt 0:04:51]} Re7 {[%emt 0:00:38]} 35. Qd3 {[%emt 0:00:52]} Nf4 {[%emt 0:00:32]} 36. Qf5 {[%emt 0:01:49]} N4xg6 {[%emt 0:00:16]} 37. Qxf6 {[%emt 0:00:30]} gxf6 {[%emt 0:00:05]} 38. h5 {[%emt 0:00:21]} f5 {[%emt 0:00:57]} 39. R4g3 {[%emt 0:00:26]} Re6 {[%emt 0:00:36]} 40. hxg6 {[%emt 0:00:00]} Kg7 {[%emt 0:00:04]} 41. Rd1 {[%emt 0:00:35]} Rd6 {[%emt 0:01:54]} 42. Rgd3 {[%emt 0:01:06]} Kxg6 {[%emt 0:01:58]} 43. Rxd5 {[%emt 0:00:29]} Rf6 {[%emt 0:07:18]} 44. Rg1+ {[%emt 0:00:46]} Kf7 {[%emt 0:00:53]} 45. Kc2 {[%emt 0:00:36]} Rc6+ {[%emt 0:00:46]} 46. Kd2 {[%emt 0:01:36]} Kf6 {[%emt 0:00:17]} 47. Rh1 {[%emt 0:02:33]} Kg5 {[%emt 0:00:20]} 48. Rd3 {[%emt 0:02:22]} Nh7 {[%emt 0:03:34]} 49. Rg3+ {[%emt 0:01:33]} Kf4 {[%emt 0:00:02]} 50. Rh4+ {[%emt 0:00:34]} Ke5 {[%emt 0:00:00]} 51. Re3+ {[%emt 0:01:04]} Kd5 {[%emt 0:00:03]} 52. Rd3+ {[%emt 0:00:55]} Ke5 {[%emt 0:00:18]} 53. Re3+ {[%emt 0:08:46]} Kd5 {[%emt 0:00:01]} 54. Rf4 {[%emt 0:01:14]} Rf6 {[%emt 0:00:32]} 55. Kd3 {[%emt 0:00:44]} Ng5 {[%emt 0:01:22]} 56. Rd4+ {[%emt 0:00:55]} Kc6 {[%emt 0:00:22]} 57. Re7 {[%emt 0:00:19]} a6 {[%emt 0:01:48]} 58. Rc4+ {[%emt 0:00:34]} Kd6 {[%emt 0:00:46]} 59. Rb7 {[%emt 0:00:29]} Ne6 {[%emt 0:01:06]} 60. Rxb6+ {[%emt 0:00:10]} Ke5 {[%emt 0:00:25]} 61. Kc3 {[%emt 0:01:16]} h5 {[%emt 0:00:40]} 62. Rxa6 {[%emt 0:00:02]} Rh6 {[%emt 0:00:21]} 63. Rcc6 {[%emt 0:02:07]} h4 {[%emt 0:00:23]} 64. f4+ {[%emt 0:00:05]} Kxf4 {[%emt 0:00:26]} 65. Rxe6 {[%emt 0:00:06]} Rxe6 {[%emt 0:00:27]} 66. Rxe6 {[%emt 0:00:02]} h3 {[%emt 0:00:04]} 67. Rh6 {[%emt 0:00:14]} Kg3 {[%emt 0:00:20]} 68. Kd3 {[%emt 0:00:19]} 1-0

[Event "Silver Lake Open-A 2018"]
[Site "Veliko Gradiste"]
[Date "2018.06.19"]
[Round "4"]
[White "Velickovic, Sasa"]
[Black "Konaplev, Anton"]
[Result "1-0"]
[WhiteElo "2275"]
[BlackElo "2353"]
[Annotator "TA"]
[PlyCount "175"]
[EventDate "2018.06.17"]
[EventType "swiss"]
[EventCountry "SRB"]
[SourceTitle "playchess.com"]
[Source "ChessBase"]
[SourceQuality "1"]

{[%evp 17,175,0,-3,-20,-12,-8,-5,-17,-22,-18,-27,-18,-25,-23,0,0,0,0,0,0,62,0,0,0,5,-8,0,0,2,0,33,7,39,38,35,45,35,14,43,31,31,31,33,28,31,32,44,34,19,23,20,17,21,29,64,37,114,135,120,119,207,184,187,186,180,193,253,252,251,245,226,215,200,162,201,201,200,189,200,200,389,389,389,389,410,410,410,410,410,410,410,410,410,389,410,396,410,396,406,368,406,308,307,884,1177,1081,1511,1523,1470,1466,1390,1390,1131,591,591,143,143,132,132,132,29956,46,2195,71,118,46,46,46,5451,5438,1118,46,46,46,46,46,46,46,71,71,683,529,431,46,46,46,29975,29977,29976,29978,29978,29979,29980,29981,29981,29982,29981,29983,29983,29984]} 1. e4 e5 2. Nf3 Nf6 3. Nxe5 d6 4. Nc4 Nxe4 5. Nc3 Nxc3 6. bxc3 g6 {C42: Petroff Defence: 3 Nxe5 and unusual White 3rd moves} 7. d4 Bg7 8. Bd3 O-O 9. O-O Nd7 {LiveBook: 7 Games} 10. a4 $146 ({Predecessor:} 10. Qf3 Nb6 11. Ne3 c5 12. dxc5 dxc5 13. a4 Bd7 14. a5 {½-½ (66) Carlsen,M (2733)-Kramnik,V (2799) Nice 2008}) 10... Nf6 11. Qf3 Rb8 12. a5 Re8 13. Bg5 h6 14. Bd2 Be6 15. Rfe1 Kh7 16. h3 Bd5 17. Qf4 Qd7 18. Qh4 Ne4 ({Better is} 18... Rxe1+ $11 19. Rxe1 Re8) 19. Bxe4 (19. Bxh6 $1 $14 Bxh6 20. Ne3) 19... Bxc4 $11 20. Qf4 c6 21. Bf3 Be6 22. Be4 Kg8 23. Bd3 d5 24. Qf3 Rbc8 25. Reb1 Re7 26. Be3 Qd8 27. Ra3 Rd7 28. Ra4 b5 29. axb6 $1 axb6 30. Ra6 Rb7 31. Bf4 Ra8 32. Rxa8 Qxa8 33. Qe3 $36 {[%mdl 2048] aiming for Bxg6! White is pushing.} Kh7 $1 34. Be5 Bxe5 35. Qxe5 Qe8 36. Re1 Rb8 ({Black should play} 36... Qd8 $1 $14) 37. Qf6 $16 Qg8 38. h4 {[%cal Bh3h4,Bh4h5][%mdl 32]} Re8 (38... Qg7 $16 {was worth a try.} 39. Qe7 h5) 39. h5 $1 $18 Bd7 40. Re7 Rxe7 41. Qxe7 Qe8 (41... Bf5 $142) 42. hxg6+ Kg7 43. Qxf7+ $1 Qxf7 44. gxf7 Kxf7 {[%mdl 4096] Endgame KB-KB} 45. c4 dxc4 46. Bxc4+ Kf6 47. Kf1 Bf5 48. c3 $1 c5 $2 (48... Be4 {might work better.} 49. g3 Bf3) 49. dxc5 bxc5 50. Ke2 Be4 51. g3 Ke5 52. Ke3 Bg6 53. f4+ Kf6 54. Bd3 {Hoping for Bxg6.} Bf7 55. Kd2 Be6 56. Be4 Bc4 57. Ke3 Be6 58. Bg2 Bc4 59. Bh3 Bd5 60. g4 $2 (60. Bg4) 60... Bc4 61. Kf2 Bd5 62. Kg3 Bg8 63. Kh4 Bf7 64. Bf1 Bg6 65. Bc4 Be8 66. Bd3 $2 (66. Bb3 $18 {and White stays clearly on top.} Bg6 67. Bc4) 66... Bf7 $16 67. g5+ hxg5+ 68. fxg5+ Ke5 $2 {[%mdl 8192]} (68... Kg7 $16 69. Kg4 c4) 69. Kg3 $2 (69. g6 {mates} Bg8 70. Kg5 c4 71. Bf5 Bd5 72. g7 Bg8 73. Kg6 Bd5 74. Bd7) 69... Bg8 $2 {[%mdl 8192]} (69... Bh5 $14 70. Kh4 Bd1) 70. Kf3 $2 (70. Kg4 $1 $18 {[%cal Rg4h5]} Bd5 71. Kh5) 70... Bd5+ 71. Ke3 (71. Kg4 $16) 71... Bg8 72. Bg6 Kd5 $2 {[%mdl 8192]} (72... Bd5 $14) 73. Be8 $1 $18 Ke5 74. Bd7 $2 ({White must play} 74. g6 $1 $18 Kf6 75. Kd3) 74... Bh7 75. Bb5 Bg8 76. Bd3 Bd5 77. Bb1 Be6 78. Kf3 Bf7 $2 {[%mdl 8192] [#]} (78... Bb3 $16 79. Kg4 Bd1+ 80. Kh4 Be2) 79. Kg4 $1 Be8 {[#]} 80. g6 $2 (80. Bd3 $1 $18 {Threatens to win with Kh4.} Bc6 81. Kh5) 80... Kf6 $14 81. Kh5 {And now Kh6 would win.} Bc6 $2 {[%mdl 8192]} (81... Kg7 $14) 82. Kh6 {White mates.} Bd5 83. g7 Ke5 84. Bh7 c4 85. g8=Q Bxg8 86. Bxg8 Ke4 87. Bxc4 Ke3 88. Bd5 {Precision: White = 50%, Black = 30%.} 1-0

[Event "Silver Lake Open-A 2018"]
[Site "Veliko Gradiste"]
[Date "2018.06.19"]
[Round "4"]
[White "Sevgi, Volkan"]
[Black "Blagojevic, Dragisa"]
[Result "1/2-1/2"]
[WhiteElo "2266"]
[BlackElo "2486"]
[Annotator "TA"]
[PlyCount "62"]
[EventDate "2018.06.17"]
[EventType "swiss"]
[EventCountry "SRB"]
[SourceTitle "playchess.com"]
[Source "ChessBase"]
[SourceQuality "1"]

{[%evp 20,62,2,-6,0,4,37,29,38,27,31,15,19,24,33,23,21,0,33,-42,-16,-39,-50,-75,-85,-103,-76,-103,-57,-99,-35,-35,-35,-34,-32,-52,-35,-35,-28,-20,-20,-34,-12,-29,0]} 1. Nf3 d5 2. g3 c6 3. Bg2 Bg4 4. O-O e6 5. d3 Bd6 6. h3 Bh5 7. e4 Ne7 8. Nbd2 Nd7 9. b3 O-O 10. Bb2 a5 {A07: Réti Opening: New York and Capablanca Systems} 11. a3 {LiveBook: 13 Games} f6 12. d4 a4 $146 {The position is equal.} ({Predecessor:} 12... f5 13. e5 Bc7 14. c4 a4 15. b4 b5 16. c5 h6 17. Qc2 g5 18. Nh2 {½-½ (28) Sasikiran,K (2639)-Anand,V (2803) Berlin 2015}) 13. c4 axb3 14. Qxb3 Bf7 15. Rfe1 Bc7 16. Qc2 h6 17. Bc3 Re8 18. Bb4 Nb6 19. Bxe7 (19. Bf1 $14) 19... Rxe7 20. c5 Nd7 21. exd5 cxd5 22. Nh4 Nf8 23. Re3 Ra7 24. Rae1 Re8 (24... b6 $17) 25. Bf1 $15 Qd7 26. Qb2 {With the idea Bb5.} Rb8 27. Bb5 Qd8 28. a4 b6 29. c6 Bd6 30. Nb3 Re7 31. Nc1 Be8 {Precision: White = 46%, Black = 41%.} 1/2-1/2

[Event "Silver Lake Open-A 2018"]
[Site "Veliko Gradiste"]
[Date "2018.06.19"]
[Round "4"]
[White "Kantorik, Marian"]
[Black "Kasparov, Sergey"]
[Result "1/2-1/2"]
[WhiteElo "2260"]
[BlackElo "2456"]
[Annotator "TA"]
[PlyCount "59"]
[EventDate "2018.06.17"]
[EventType "swiss"]
[EventCountry "SRB"]
[SourceTitle "playchess.com"]
[Source "ChessBase"]
[SourceQuality "1"]

{[%evp 26,59,1,3,18,0,16,15,56,56,48,58,45,18,16,0,0,0,0,0,2,2,2,0,7,0,0,0,19,0,0,0,0,0,0,0]} 1. d4 d5 2. c4 c6 3. Nf3 Nf6 4. cxd5 cxd5 5. Nc3 Nc6 6. Bf4 a6 7. e3 Bg4 8. Be2 e6 9. O-O Bd6 10. Bxd6 Qxd6 11. h3 Bxf3 12. Bxf3 O-O 13. Rc1 Rac8 14. Qd2 {LiveBook: 9 Games. D13: Slav Defence: Exchange variation without ...Bf5} g6 (14... Ne7 15. Rc2 Rc7 16. Rfc1 Rfc8 17. a3 g6 18. Na4 Nd7 19. Be2 Rxc2 20. Rxc2 Rxc2 21. Qxc2 Qc6 22. Qxc6 Nxc6 {½-½ (34) Cheparinov,I (2682)-Salgado Lopez,I (2622) Dubai 2014}) 15. Rfd1 b5 16. Ne2 $146 ({Predecessor:} 16. b3 Rc7 17. e4 dxe4 18. Nxe4 Nxe4 19. Bxe4 Ne7 20. Rxc7 Qxc7 21. d5 Nxd5 22. Bxd5 Rd8 23. Qg5 exd5 24. Rxd5 Rxd5 {½-½ (24) Mirzanurov,B (2321)-Rychagov,A (2565) Kazan 2008}) 16... Ne4 17. Bxe4 $1 dxe4 18. Rc5 e5 19. Rdc1 {Black must now prevent R1c2.} (19. Qc1 {looks sharper.} exd4 20. Nxd4 Nxd4 21. exd4 Rcd8 22. Rc6) 19... exd4 {The position is equal.} 20. Nxd4 Nxd4 21. Qxd4 (21. Rxc8 $2 {[#] is the wrong capture.} Nf3+ $1 {[%mdl 512]} 22. gxf3 Qxd2 $19) 21... Rxc5 22. Qxc5 Rd8 (22... Qe6 {keeps more tension.} 23. b3 Rd8 24. Qc2 h5 25. a4 Qe5) 23. Qxd6 Rxd6 $11 {[%mdl 4096] Endgame KR-KR} 24. Rc2 Kf8 25. g4 Ke7 26. a4 Ke6 27. Rc5 Rd5 28. Rc6+ Rd6 29. Rc5 Rd5 30. Rc6+ {Precision: White = 53%, Black = 35%.} 1/2-1/2